000 00617nam a22001577a 4500
008 170308b xxu||||| |||| 00| 0 eng d
082 _22016
_aUT 0721
_bD88
100 _919138
_aDullin, Adelaine Marie V.
245 _aDelineating The Heats Islands in Digos City: A Factor in Urban Development.
_cAdelaine Marie V. Dullin, Lowella G. Dumaguit and Daylyn G. Yting.
300 _a63 pages;
_b28 cm.
650 0 _919139
_aEducation
_vBiological Science
_xUndergraduate Thesis.
700 _919140
_aDullin, Adelaine Marie V.
700 _919141
_aDumaguit, Lowella G.
700 _919142
_aYting, Daylyn G.
942 _2ddc
_cUT
999 _c6364
_d6364